Statistics for Premier League Players By Letter - G

Click here to take the quiz!

General Stats

  • This quiz has been taken 178 times
  • The average score is 10 of 21

Answer Stats

First NameSurnameClub% Correct
OlivierGiroudArsenal
88%
KieranGibbsArsenal
74%
ShayGivenStoke City
74%
IdrissaGueyeAston Villa
71%
HeurelhoGomesWatford
69%
BafétimbiGomisSwansea City
67%
DwightGayleCrystal Palace
65%
JordiGomezSunderland
57%
SergeGnabryWest Bromwich
56%
DarronGibsonEverton
55%
RudyGestedeAston Villa
40%
CarlesGilAston Villa
40%
CraigGardnerWest Bromwich
38%
YoanGouffranNewcastle United
38%
BrendanGallowayEverton
33%
BradleyGuzanAston Villa
33%
LewisGrabbanNorwich City
30%
Max-AlainGradelBournemouth
28%
AdlèneGuediouraWatford
18%
FlorinGardosSouthampton
14%
CristianGamboaWest Bromwich
12%

Score Distribution

Percentile by Number Answered

Percent of People with Each Score

Your Score History

You have not taken this quiz